ARRUPE JESUIT UNIVERSITY

CORONAVIRUS -STOP THE SPREAD - CLEAN,DISINFECT,COVER

Big game hunting in North-Eastern Rhodesia (Record no. 124022)

MARC details
000 -LEADER
fixed length control field 00447nam a22001457a 4500
005 - DATE AND TIME OF LATEST TRANSACTION
control field 20160126102330.0
008 - FIXED-LENGTH DATA ELEMENTS--GENERAL INFORMATION
fixed length control field 160126b xxu||||| |||| 00| 0 eng d
050 ## - LIBRARY OF CONGRESS CALL NUMBER
Classification number SPC SK255.R5L48 1911
100 ## - MAIN ENTRY--PERSONAL NAME
Personal name Letcher, Owen
9 (RLIN) 21740
245 ## - TITLE STATEMENT
Title Big game hunting in North-Eastern Rhodesia
Statement of responsibility, etc by Letcher, Owen
260 ## - PUBLICATION, DISTRIBUTION, ETC. (IMPRINT)
Place of publication, distribution, etc London
Name of publisher, distributor, etc John Long
Date of publication, distribution, etc 1911
300 ## - PHYSICAL DESCRIPTION
Extent xii, 266p.;
Dimensions 23cm.
650 ## - SUBJECT ADDED ENTRY--TOPICAL TERM
Topical term or geographic name as entry element Big game hunting
Geographic subdivision Zimbabwe
9 (RLIN) 21756
942 ## - ADDED ENTRY ELEMENTS (KOHA)
Source of classification or shelving scheme Library of Congress Classification
Item type SPC
Holdings
Withdrawn status Lost status Source of classification or shelving scheme Damaged status Not for loan Collection code Home library Current library Shelving location Date acquired Total Checkouts Full call number Barcode Date last seen Price effective from Koha item type
    Library of Congress Classification     SPECIAL Collection ARRUPE LIBRARY ARRUPE LIBRARY Main Collection 26/01/2016   SPC SK255.R5L48 1911 46500006025 26/01/2016 26/01/2016 SPC

 

Arrupe Library. PO Box MP320 Mt Pleasant, Harare, Zimbabwe
263 242 745411|librarian@aju.ac.zw